000 00401pab a2200157 454500
008 180718b2011 xxu||||| |||| 00| 0 eng d
100 _aParthasarathi, Muthukaruppan
245 _aParamakudi violence: Against Dalits, against politics
260 _c2011
300 _ap.14-17.
362 _a5 Nov
650 _aViolence
773 _aEconomic and Political Weekly
908 _aN
909 _a94022
999 _c94022
_d94022